| 000 | 00855nam a2200229 u 4500 | ||
|---|---|---|---|
| 001 | 000302531 | ||
| 003 | AM-YeHGA | ||
| 005 | 20250618071939.0 | ||
| 008 | 040123s1968 ai r 000 0 arm d | ||
| 040 | _aAM-YeHGA | ||
| 041 | 0 | _aarm | |
| 080 | _aAp2 | ||
| 090 | _aՂ-47 | ||
| 100 | 1 |
_aՂարիբյան, Ռուբեն Զաքարի, _d1914- _92660 |
|
| 245 | 1 | 0 |
_aԾաղկահանդես : _b[Բանաստեղծություններ] / _cՌ. Ղարիբյան; Խմբ.՝ Շ. Գրիգորյան; Նկ.՝ Վ. Կարապետյան. |
| 260 |
_aԵրևան : _bՀայաստան, _c1968. |
||
| 300 |
_a212 էջ : _bնկ. ; _c20 սմ. |
||
| 650 | 1 | 4 |
_aՀայ մանկական գրականություն _xԲանաստեղծություն |
| 700 | 1 |
_aԳրիգորյան, Շ.Ա. _eխմբ. _4edt |
|
| 700 | 1 |
_aԿարապետյան, Վ. _eնկ. _4art |
|
| 090 | _c112756 | ||
| 999 |
_c111419 _d111419 |
||